书目信息 |
| 题名: |
小户型设计解剖学
|
|
| 作者: | ;李慧 译 ;X-Knowledge 编 | |
| 分册: | ||
| 出版信息: | 南京 江苏科学技术出版社 2016.6 |
|
| 页数: | 117页 | |
| 开本: | 29cm | |
| 丛书名: | ||
| 单 册: | ||
| 中图分类: | TU241-64 | |
| 科图分类: | ||
| 主题词: | 住宅--室内装饰设计--图集 | |
| 电子资源: | ||
| ISBN: | 978-7-5537-6263-0 | |
| 000 | 00926nam0 2200241 450 | |
| 001 | 0400002693 | |
| 005 | 20171021132434.0 | |
| 010 | @a978-7-5537-6263-0@dCNY69.00 | |
| 100 | @a20160721d2016 em y0chiy50 ea | |
| 101 | 1 | @achi@cjpn |
| 102 | @aCN@b320000 | |
| 105 | @aa z 000yy | |
| 106 | @ar | |
| 200 | 1 | @a小户型设计解剖学@9xiao hu xing she ji jie pou xue@f(日)X-Knowledge编@g李慧译 |
| 210 | @a南京@c江苏科学技术出版社@d2016.6 | |
| 215 | @a117页@d29cm | |
| 330 | @a本书从专业角度解剖小户型的住宅设计,围绕小户型的空间布置、户型规划、收纳技巧、细部设计等方面一一展开介绍。全书采用图文并茂的形式,从作者实地考察所拍摄的多幅实景照片素材中精选出几百幅照片,每幅照片均配文字介绍和详细图纸,配以大量案例进行描述。 | |
| 606 | 0 | @a住宅@x室内装饰设计@j图集 |
| 690 | @aTU241-64@v5 | |
| 702 | 0 | @a李慧@9li hui@4译 |
| 711 | 02 | @c(日)@aX-Knowledge@4编 |
| 801 | 0 | @aCN@b91MARC@c20171021 |
| 905 | @b1032580-4@dTU241-64@f5@e1142 | |
| 小户型设计解剖学/(日)X-Knowledge编/李慧译.-南京:江苏科学技术出版社,2016.6 |
| 117页;29cm |
| ISBN 978-7-5537-6263-0:CNY69.00 |
| 本书从专业角度解剖小户型的住宅设计,围绕小户型的空间布置、户型规划、收纳技巧、细部设计等方面一一展开介绍。全书采用图文并茂的形式,从作者实地考察所拍摄的多幅实景照片素材中精选出几百幅照片,每幅照片均配文字介绍和详细图纸,配以大量案例进行描述。 |
| ● |
| 相关链接 |
|
|
|
|
正题名:小户型设计解剖学
索取号:TU241-64/1142
 
预约/预借
| 序号 | 登录号 | 条形码 | 馆藏地/架位号 | 状态 | 备注 |
| 1 | 1032580 | 210325806 | 第二样本阅览室/ [索取号:TU241-64/1142] | 在馆 | |
| 2 | 1032581 | 210325815 | 密集书库-生命科学系/ [索取号:TU241-64/1142] | 在馆 | |
| 3 | 1032582 | 210325824 | 第三借阅区/ [索取号:TU241-64/1142] | 在馆 | |
| 4 | 1032583 | 210325833 | 第三借阅区/ [索取号:TU241-64/1142] | 在馆 | |
| 5 | 1032584 | 210325842 | 第三借阅区/ [索取号:TU241-64/1142] | 在馆 |